Filosofía de la Cirugía / (Registro nro. 91088)
[ vista simple ]
| 000 -LEADER | |
|---|---|
| campo de control de longitud fija | 00589nam a2200181 i 4500 |
| 001 - NÚMERO DE CONTROL | |
| campo de control | 91088 |
| 003 - IDENTIFICADOR DE NÚMERO DE CONTROL | |
| campo de control | ES-MaACL |
| 005 - FECHA Y HORA DE LA ÚLTIMA TRANSACCIÓN | |
| campo de control | 20230906180632.0 |
| 007 - CAMPO FIJO DE DESCRIPCIÓN FÍSICA--INFORMACIÓN GENERAL | |
| campo de control de longitud fija | t| |
| 008 - DATOS DE LONGITUD FIJA--INFORMACIÓN GENERAL | |
| campo de control de longitud fija | 050127s1951 sp ||||1| spa d |
| 100 1# - ENTRADA PRINCIPAL--NOMBRE DE PERSONA | |
| Nombre de persona | Leriche, René. |
| 9 (RLIN) | 71771 |
| 245 10 - MENCIÓN DEL TÍTULO | |
| Título | Filosofía de la Cirugía / |
| Mención de responsabilidad, etc. | René Leriche ; traducción del francés de Julio Gómez de la Serna. |
| 260 ## - PUBLICACIÓN, DISTRIBUCIÓN, ETC. | |
| Lugar de publicación, distribución, etc. | Madrid : |
| Nombre del editor, distribuidor, etc. | Colenda, |
| Fecha de publicación, distribución, etc. | 1951 ( |
| Fabricante | Selecciones Gráficas) |
| 300 ## - DESCRIPCIÓN FÍSICA | |
| Extensión | 371 p. ; |
| Dimensiones | 17 cm. |
| 700 1# - ENTRADA AGREGADA--NOMBRE PERSONAL | |
| Nombre de persona | Gómez de la Serna, Julio, |
| Fechas asociadas al nombre | 1895-1983 |
| 9 (RLIN) | 57899 |
| 852 ## - LOCALIZACIÓN | |
| Ubicación | ES-MaACL |
| Número de control de estantería | D-7931 |
| Sublocalización o colección | R.31771 |
| Estatus retirado | Estado de pérdida | Estado de daño | No para préstamo | Biblioteca de origen | Biblioteca actual | Ubicación en estantería | Fecha de adquisición | Fuente de adquisición | Total de préstamos | Signatura topográfica completa | Código de barras | Visto por última vez | Precio de reemplazo | Tipo de ítem Koha |
|---|---|---|---|---|---|---|---|---|---|---|---|---|---|---|
| Biblioteca del Ateneo de Madrid | Biblioteca del Ateneo de Madrid | Sala Valle Inclán | 17/01/2008 | D-7931 | 901095101 | 23/02/2023 | 23/02/2023 | Libro impreso |
